01723cam a22003135a 45000010009000000050017000090080041000260100017000670200018000840350023001020350020001250400068001450820021002131000029002342450060002632600058003233000035003814900036004165000024004525000027004765040031005035200606005346500055011406510010011956530021012059420008012269990017012349520158012511488431820160404142958.0070608s2007 enka frb 001 0 eng d a 2007297733 a9780192853783 a(OCoLC)ocm51668491 a(OCoLC)51668491 aUKMbengcUKMdOCLCQdBAKERdBTCTAdBWKUKdYDXCPdDLCdEG-ScBUE04a003.857bSMI2221 aSmith, Leonard A.93976810aChaos :ba very short introduction /cLeonard A. Smith. aOxford ;aNew York :bOxford University Press,c2007. a[xv], 180 p. :bill. ;c18 cm.0 aVery short introductions ;v159 aIndex : p. 173-180. aGlossary : p. 163-168. aBibliography : p. 169-171. aChaos exists in systems all around us. Even the simplest system can be subject to chaos, denying us accurate predictions of its behaviour, and sometimes giving rise to astonishing structures of large-scale order. This Very Short Introduction draws in philosophy, literature, and accessible maths to explain and illuminate Chaos Theory, showing the variety of its fascinating applications in the real world - from technology to global warming, politics, and even. gambling on the stock market. - ;Chaos exists in systems all around us. Even the simplest system of cause and effect can be subject to ch. 0aChaotic behavior in systemsvPopular works.2BUEsh 2BUEsh bEEENGcApril2016 2ddc c21578d21550 00102ddc40708Modern A. aMAINbMAINcLOWd2016-04-04ePurchaseg84.00h229l3m9o003.857 SMIp000032254r2025-07-15 00:00:00s2017-01-30v105.00yBB